01046nam a2200277 4500003000900000005001700009008004100026040004300067082002300110092000700133099003100140100004100171245006000212264004100272300002400313336002400337337002800361338004300389546002400432650003100456856005700487905001300544942001900557999001700576952017500593EG-GICUC20260121101344.0251125s1948 fr ||||fr|||| 00| 0 fre d aEG-GiCUCbfrecEG-GiCUCdEG-GiCUCeRda04221a341.1bS C . M04221 aLaw1 11 341.1 S C . M 19481 aScelle, Georges,d1878-1961.eAuteur10aManuel de droit international public /cGeorges Scelle. 1aParis :bDomat-Montchrestien,c1948. a998 page ;c 24 cm. 2rda contenua texte 2rda mediasaOrdinateur 2 transporteur rdaa Ressource en ligne aTexte en français1 aDroit international public40uhttps://fll.law.cu.edu.eg/fulltext/bks/B11-06079.pdf a75eYara 2ddcn0cBKe21 c46001d46001 00102ddc40718القانون الدولي العامaCUbLAW1d2025-11-25l0oLaw1 11 341.1 S C . M 1948 1106079 C1pB11-06079r2025-11-25 19:45:02t1w2025-11-25yBK